IGN's Top 25 Comedy Shows? Quiz Stats

 Plays Quiz not verified by Sporcle

Challenge
Share
Tweet
Embed
Score 0/25 Timer 15:00
0 Plays Today
Number on List Show % Correct
2The Simpsons
95.2%
10Friends
86.5%
3Seinfeld
85.7%
4South Park
81%
11Cheers
76.2%
1Arrested Development
74.6%
7Saturday Night Live
73.8%
24Family Guy
73%
6The Office UK
69.8%
12Curb Your Enthusiasm
62.7%
19Futurama
59.5%
14The Daily Show
54%
8All in the Family
53.2%
Number on List Show % Correct
1630 Rock
51.6%
13I Love Lucy
46.8%
18Frasier
43.7%
9Fawlty Towers
35.7%
5Monty Python's Flying Circus
34.1%
15The Larry Sanders Show
27.8%
22Taxi
23.8%
17Chappelle's Show
19%
25Spaced
11.9%
20The Ben Stiller Show
10.3%
23The State
6.3%
21The Muppet Show
4%

You're not logged in!

Compare scores with friends on all Sporcle quizzes.
OR
Log In

You Might Also Like...

Show Comments

Extras

Created Sep 21, 2012ReportNominate
Tags:comedy, IGN, Top 25

Top Quizzes Today


Score Distribution

Your Account Isn't Verified!

In order to create a playlist on Sporcle, you need to verify the email address you used during registration. Go to your Sporcle Settings to finish the process.

Report this User

Report this user for behavior that violates our Community Guidelines.

Details: